[Event "SVK-ch U12"]
[Site "Liptovsky Mikulas"]
[Date "2019.04.28"]
[Round "7"]
[White "Gyori, Samuel"]
[Black "Bulej, Matej"]
[Result "0-1"]
[WhiteElo "1270"]
[BlackElo "1671"]
[PlyCount "128"]
[EventDate "2019.04.23"]
[EventType "swiss"]
[EventRounds "9"]
[EventCountry "SVK"]
[SourceTitle "CBM 190 Extra"]
[Source "ChessBase"]
[SourceDate "2019.07.15"]
[SourceVersion "1"]
[SourceVersionDate "2019.07.15"]
[SourceQuality "1"]

1. e4 c6 2. d4 d5 3. e5 Bf5 4. Nd2 e6 5. Nb3 Nd7 6. Be3 Ne7 7. a4 h6 8. a5 a6 9. Be2 Bh7 10. Nf3 Nf5 11. 0-0 Be7 12. Bc1 0-0 13. c4 dxc4 14. Bxc4 Qc7 15. Ne1 Rad8 16. Nc2 Qc8 17. f4 Nc5 18. g4 Nxb3 19. Bxb3 Nxd4 20. Nxd4 c5 21. Bc2 Bxc2 22. Qxc2 cxd4 23. Qd3 Rd5 24. Ra4 Qc6 25. Rc4 Qb5 26. Bd2 f6 27. Re1 fxe5 28. Rxe5 Rxe5 29. fxe5 Qxe5 30. Qxd4 Qxd4+ 31. Rxd4 Bc5 32. Be3 Bxd4 33. Bxd4 Rf4 34. Bc5 Rxg4+ 35. Kf2 Rg5 36. b4 Kf7 37. Bb6 Rb5 38. Bc5 Rxc5 39. bxc5 Kf6 40. Ke3 Ke5 41. h3 Kd5 42. Kf4 e5+ 43. Ke3 Kxc5 44. Ke4 Kd6 45. h4 g6 46. Ke3 Kd5 47. Kd3 e4+ 48. Ke2 Kd4 49. Kd2 e3+ 50. Ke2 Ke4 51. Ke1 Kf3 52. Kf1 e2+ 53. Ke1 g5 54. h5 g4 55. Kd2 Kf2 56. Kd3 e1Q 57. Kc4 Qxa5 58. Kd4 Kf3 59. Kc4 Ke4 60. Kb3 Qc5 61. Kb2 Kd3 62. Kb1 Kd2 63. Kb2 Qb5+ 64. Ka3 Kc3 0-1

[Event "SVK-ch U12"]
[Site "Liptovsky Mikulas"]
[Date "2019.04.27"]
[Round "6"]
[White "Jurky, Marian"]
[Black "Gyori, Samuel"]
[Result "0-1"]
[WhiteElo "1387"]
[BlackElo "1270"]
[PlyCount "158"]
[EventDate "2019.04.23"]
[EventType "swiss"]
[EventRounds "9"]
[EventCountry "SVK"]
[SourceTitle "CBM 190 Extra"]
[Source "ChessBase"]
[SourceDate "2019.07.15"]
[SourceVersion "1"]
[SourceVersionDate "2019.07.15"]
[SourceQuality "1"]

1. d4 d5 2. Nf3 e6 3. c4 c6 4. Nc3 f5 5. cxd5 cxd5 6. g3 Nf6 7. Bg5 Bd6 8. Bg2 0-0 9. 0-0 Nc6 10. Nb5 Be7 11. e3 Qb6 12. Qe2 a6 13. Bxf6 Bxf6 14. Nc3 Bd7 15. Na4 Qd8 16. Nc5 Ne7 17. a4 b6 18. Nxd7 Qxd7 19. Qd2 Nc6 20. b4 Rac8 21. Rfc1 Qd6 22. b5 axb5 23. axb5 Na5 24. Rxc8 Rxc8 25. Rc1 Nc4 26. Qa2 Qb8 27. Bf1 Nd6 28. Rxc8+ Qxc8 29. Qa6 Qb7 30. Nd2 g6 31. Nb1 Bd8 32. Qxb7 Nxb7 33. Nc3 Nd6 34. Kg2 Be7 35. Kf3 Kg7 36. h3 h5 37. Kg2 Nc4 38. Bxc4 dxc4 39. Kf1 Bb4 40. Na2 Ba5 41. Ke2 Kf6 42. f3 Ke7 43. e4 Kd6 44. Ke3 g5 45. f4 g4 46. hxg4 hxg4 47. Nc1 Be1 48. Ne2 c3 49. Kd3 c2 50. exf5 Bxg3 51. Kxc2 Bf2 52. f6 Kd7 53. Kd3 g3 54. Ke4 g2 55. Ke5 g1Q 56. Nxg1 Bxg1 57. d5 exd5 58. Kxd5 Ke8 59. Ke6 Kf8 60. Kf5 Kf7 61. Ke5 Bf2 62. Kf5 Bd4 63. Ke4 Bxf6 64. Kf5 Bd4 65. Kg5 Be3 66. Kf5 Kg7 67. Kg5 Kf7 68. Kf5 Ke7 69. Ke5 Bxf4+ 70. Kxf4 Kd6 71. Ke4 Kc5 72. Kd3 Kxb5 73. Kc3 Ka4 74. Kb2 Kb4 75. Ka2 Kc3 76. Ka1 b5 77. Ka2 b4 78. Kb1 Kb3 79. Kc1 Ka2 0-1

[Event "SVK-ch U12"]
[Site "Liptovsky Mikulas"]
[Date "2018.04.27"]
[Round "9"]
[White "Koska, Jiri"]
[Black "Gyori, Samuel"]
[Result "1/2-1/2"]
[WhiteElo "1287"]
[BlackElo "1203"]
[PlyCount "33"]
[EventDate "2018.04.21"]
[EventType "swiss"]
[EventRounds "9"]
[EventCountry "SVK"]
[SourceTitle "CBM 184 Extra"]
[Source "ChessBase"]
[SourceDate "2018.06.28"]
[SourceVersion "1"]
[SourceVersionDate "2018.06.28"]
[SourceQuality "1"]

1. e4 e5 2. Nf3 Nf6 3. Nc3 Nc6 4. Bc4 Nxe4 5. Bxf7+ Kxf7 6. Nxe4 d5 7. Nc3 Bc5 8. d3 Be7 9. h3 Qd7 10. Rb1 Bb4 11. Bd2 Re8 12. 0-0 h6 13. Nh2 Nd4 14. Ne2 Bd6 15. Nxd4 exd4 16. Qf3+ Kg8 17. Qxd5+ 1/2-1/2

[Event "SVK-ch U12"]
[Site "Liptovsky Mikulas"]
[Date "2018.04.26"]
[Round "8"]
[White "Gyori, Samuel"]
[Black "Sahidi, Shabir"]
[Result "1-0"]
[WhiteElo "1203"]
[BlackElo "1174"]
[PlyCount "41"]
[EventDate "2018.04.21"]
[EventType "swiss"]
[EventRounds "9"]
[EventCountry "SVK"]
[SourceTitle "CBM 184 Extra"]
[Source "ChessBase"]
[SourceDate "2018.06.28"]
[SourceVersion "1"]
[SourceVersionDate "2018.06.28"]
[SourceQuality "1"]

1. c4 e5 2. Nc3 Nc6 3. g3 Nf6 4. Bg2 Bb4 5. e3 0-0 6. Nge2 d6 7. 0-0 Re8 8. d4 exd4 9. exd4 Ne7 10. Bg5 Bxc3 11. Nxc3 Nc6 12. d5 Na5 13. b3 b6 14. Ne4 h6 15. Nxf6+ gxf6 16. Bxh6 c6 17. Qh5 c5 18. Rfe1 Rxe1+ 19. Rxe1 Bd7 20. Be4 Qe8 21. Bg7 1-0

[Event "SVK-ch U12"]
[Site "Liptovsky Mikulas"]
[Date "2018.04.24"]
[Round "5"]
[White "Benicky, Jakub Simon"]
[Black "Gyori, Samuel"]
[Result "1-0"]
[WhiteElo "1077"]
[BlackElo "1203"]
[PlyCount "143"]
[EventDate "2018.04.21"]
[EventType "swiss"]
[EventRounds "9"]
[EventCountry "SVK"]
[SourceTitle "CBM 184 Extra"]
[Source "ChessBase"]
[SourceDate "2018.06.28"]
[SourceVersion "1"]
[SourceVersionDate "2018.06.28"]
[SourceQuality "1"]

1. d4 Nf6 2. c4 d5 3. e3 c6 4. Nf3 Bg4 5. Bd3 Nbd7 6. 0-0 e5 7. dxe5 Nxe5 8. Be2 dxc4 9. Nxe5 Qxd1 10. Bxd1 Bf5 11. Be2 Bd6 12. Nxc4 0-0-0 13. Nxd6+ Rxd6 14. Nc3 Ne4 15. Bf3 Re8 16. Nxe4 Bxe4 17. b3 Bxf3 18. gxf3 g6 19. Ba3 Rd2 20. Rfd1 Red8 21. Rxd2 Rxd2 22. Bb4 Rc2 23. a4 c5 24. Be1 Rb2 25. Rc1 Rxb3 26. Rxc5+ Kd7 27. f4 b6 28. Rd5+ Ke6 29. Re5+ Kd6 30. Re4 Rb1 31. Kf1 b5 32. axb5 Rxb5 33. Bb4+ Kc6 34. Bc3 Rb7 35. Rd4 Rb3 36. Bd2 Rb2 37. Kg2 f5 38. Kg3 Rb1 39. f3 Rd1 40. e4 a5 41. Bc3 Rc1 42. Bxa5 Rc5 43. Bd2 fxe4 44. fxe4 Rh5 45. e5 Rf5 46. Bb4 h6 47. e6 Rf6 48. e7 Re6 49. Kg4 Kb5 50. f5 gxf5+ 51. Kxf5 Re2 52. Re4 Rf2+ 53. Kg4 h5+ 54. Kxh5 Rxh2+ 55. Kg4 Rg2+ 56. Kf3 Rg8 57. e8Q+ Rxe8 58. Rxe8 Kxb4 59. Rc8 Kb5 60. Ke4 Kb4 61. Kd4 Kb5 62. Rc4 Kb6 63. Kc3 Kb5 64. Kb3 Ka5 65. Rb4 Ka6 66. Kc4 Ka5 67. Kc5 Ka6 68. Rb5 Ka7 69. Rb6 Ka8 70. Kc6 Ka7 71. Kc7 Ka8 72. Ra6# 1-0

[Event "SVK-ch U12"]
[Site "Liptovsky Mikulas"]
[Date "2018.04.22"]
[Round "2"]
[White "Gyori, Samuel"]
[Black "Pivoda, Szabolcs"]
[Result "0-1"]
[WhiteElo "1203"]
[BlackElo "1020"]
[PlyCount "64"]
[EventDate "2018.04.21"]
[EventType "swiss"]
[EventRounds "9"]
[EventCountry "SVK"]
[SourceTitle "CBM 184 Extra"]
[Source "ChessBase"]
[SourceDate "2018.06.28"]
[SourceVersion "1"]
[SourceVersionDate "2018.06.28"]
[SourceQuality "1"]

1. d4 d5 2. c4 e6 3. Nc3 Nf6 4. Bg5 Be7 5. e3 Nc6 6. Nf3 Ne4 7. Bxe7 Nxc3 8. bxc3 Qxe7 9. Qa4 Bd7 10. cxd5 Ne5 11. Qb3 Nxf3+ 12. gxf3 exd5 13. Qxd5 c6 14. Qb3 0-0 15. Qxb7 Rab8 16. Qxa7 Rb2 17. Bd3 g6 18. Rb1 Rxb1+ 19. Bxb1 c5 20. Qxc5 Qd8 21. Be4 Qf6 22. Qa7 Bh3 23. a4 Qg5 24. f4 Qf6 25. a5 Qd6 26. Qc5 Qb8 27. Qb4 Qc7 28. a6 Rb8 29. Qa4 Qxc3+ 30. Kd1 Bg4+ 31. f3 Rb1+ 32. Bxb1 Bxf3# 0-1

[Event "SVK-ch U10"]
[Site "Liptovsky Mikulas"]
[Date "2017.04.28"]
[Round "9"]
[White "Gyori, Samuel"]
[Black "Dujava, Adam"]
[Result "0-1"]
[WhiteElo "1000"]
[BlackElo "1069"]
[PlyCount "82"]
[EventDate "2017.04.22"]
[EventType "swiss"]
[EventRounds "9"]
[EventCountry "SVK"]
[SourceTitle "CBM 178 Extra"]
[Source "ChessBase"]
[SourceDate "2017.06.22"]
[SourceVersion "1"]
[SourceVersionDate "2017.06.22"]
[SourceQuality "1"]

1. d4 d5 2. c4 e6 3. Nc3 Nf6 4. Bg5 c6 5. Nf3 Nbd7 6. e3 Be7 7. Bd3 0-0 8. 0-0 b6 9. Qc2 h6 10. Bxf6 Nxf6 11. a4 Ba6 12. b3 Qc7 13. cxd5 Bxd3 14. Qxd3 exd5 15. h3 Bb4 16. Rac1 Bxc3 17. Rxc3 Ne4 18. Rc2 Qe7 19. Rxc6 Ng5 20. Nxg5 Qxg5 21. e4 Rfe8 22. e5 Re7 23. Rd6 Re6 24. Rxd5 Rg6 25. g3 Qh5 26. h4 Rg4 27. Kg2 Qxh4 28. Rh1 Qe7 29. Rd6 Qb7+ 30. f3 Rg5 31. Re1 h5 32. Kf2 Rc8 33. d5 Qe7 34. f4 Rg4 35. Qf5 Rc3 36. Rh1 g6 37. Rd7 Qc5+ 38. Kf1 gxf5 39. Rh2 Rc1+ 40. Kg2 Qg1+ 41. Kh3 Rxg3+ 0-1

[Event "SVK-ch U10"]
[Site "Liptovsky Mikulas"]
[Date "2017.04.25"]
[Round "6"]
[White "Gyori, Samuel"]
[Black "Popelka, Filip"]
[Result "1-0"]
[WhiteElo "1000"]
[BlackElo "1000"]
[PlyCount "69"]
[EventDate "2017.04.22"]
[EventType "swiss"]
[EventRounds "9"]
[EventCountry "SVK"]
[SourceTitle "CBM 178 Extra"]
[Source "ChessBase"]
[SourceDate "2017.06.22"]
[SourceVersion "1"]
[SourceVersionDate "2017.06.22"]
[SourceQuality "1"]

1. d4 d5 2. c4 Nf6 3. Nc3 c6 4. Nf3 e6 5. Qb3 Ne4 6. e3 Be7 7. Be2 0-0 8. cxd5 cxd5 9. Nxd5 exd5 10. 0-0 Qb6 11. Qxd5 Nf6 12. Qc4 Be6 13. Qd3 Nc6 14. e4 Nb4 15. Qc3 Nxe4 16. Qe3 Qc6 17. Ne5 Qd5 18. Bf3 Bg5 19. Bxe4 Qd8 20. Qxg5 Nxa2 21. Rxa2 Bxa2 22. Qxd8 Raxd8 23. Bxb7 Rxd4 24. Be3 Rd3 25. Nxd3 Bc4 26. Be4 a5 27. Bc5 Rd8 28. Ne5 f6 29. Nxc4 Kf7 30. h3 g5 31. Nd6+ Ke6 32. Bf5+ Ke5 33. f3 g4 34. h4 g3 35. f4+ 1-0